| 000 | 00808cam a2200169 4500 | ||
|---|---|---|---|
| 001 | WS110468 | ||
| 008 | 000000n 000 0 eng u | ||
| 035 | _a(Sirsi) u110468 | ||
| 110 |
_aInstitution of Mechanical Engineers _9549 |
||
| 245 | _aInstitution of Mechanical Engineers | ||
| 520 | _aSite for this professional body for mechanical engineers. Includes news, details of their divisions and groups, links to their publishing arm Professional Engineering Publishing, a database of consultants and details of their industrial liaison officers. | ||
| 650 | _aORGANISATION | ||
| 650 | _aBUILT ENVIRONMENT-BUILDING INSPECTION | ||
| 690 | _aMANAGEMENT-BUSINESS MANAGEMENT-PROFESSIONAL PRACTICE | ||
| 856 | 4 | 0 |
_uhttps://www.imeche.org.uk _zView the website free of charge at www.imeche.org.uk... |
| 942 | _n0 | ||
| 999 |
_c119753 _d119753 |
||